000 00406nam a2200181Ia 4500
003 OSt
005 20260506113454.0
008 250729s2005 xx 000 0 und d
040 _cAL
041 _aeng
082 _a510 RAMM
100 _aNCERTC
_9230212
245 _aMathematics - VII
260 _aNew Delhi
_bNCERTC
_c2005
300 _a350p
650 _aMathematics
_9230213
942 _2ddc
_cBED
999 _c238669
_d238669